00900 a2200157 4500003000500000005001700005020001500022040000900037082001200046100002000058245004000078260004000118300001400158505055700172650001300729NUST20221117164747.0 a8121902363 cNust a515,NAR aNarayan, Shanti aIntegral Calculus /cShanti Narayan aNew DelhibS. Chand & Companyc1988 aiv,349 p. aTable of Standard Result (Page-1), Methods of Integration (Page-20), Integration of Algebraic Rational Functions (Page-53), Integration of Trigonometric Functions (Page-73), Areas of Plane Regions (Page-153), Lengths of Plane Curves (Page-183), Volumes and Surfaces of Revolution (Page-196), Center of Gravity Moment of Inertia (Page-221), Differential Equations of First Order and First Degree (Page-234), Equations of the First Order but not of the First Degree (Page-256), Trajectories of a Family of Curves (Page-269), Linear Equations (Page-276) . aCalculus